000 00725nam0a22002411 4500
001 rc\101613
005 20250620182111.0
010 _a5-88733-001-5
_920000
035 _a(NLR Aleph) 005364609
090 _a6934783
_c6934783
100 _a20021216d1995 |||y0rusy50 ca
101 0 _arus
102 _aRU
105 _ay |||||||||
200 1 _aОб умении работать с людьми
_e[Перевод]
210 _aМ.
_cРекл. агентство "Север"
_d1995
215 _a189 с.
_d19
700 1 _7ca
_8rus
_aЭш
_bМ. К.
_f1918-2001
_gМэри Кэй
_9224759
_3RU\NLR\AUTH\770224815
801 0 _aRU
_bNLR
_gpsbo
801 1 _aRU
_bELAR
_2rusmarc
852 _aNLR
_j95-3/1592
942 _cBOOK
980 _aNB